| 000 | 00689cam a2200253 4500 | ||
|---|---|---|---|
| 008 | 000000n2001 000 0 eng u | ||
| 020 | _a1861342292 | ||
| 035 | _a(Sirsi) u112787 | ||
| 050 | _a306.1 | ||
| 100 |
_aCowan, David _xeditor |
||
| 245 | _aTwo steps forward : housing policy into the new millennium. | ||
| 260 |
_aBristol _bPolicy Press _c2001 |
||
| 300 | _aix,394p. ; 22cm. | ||
| 350 | _a18.99 | ||
| 650 | _aSOCIAL HOUSING | ||
| 650 | _aHOUSING STANDARDS | ||
| 650 | _aPRIVATE RENTED SECTOR | ||
| 650 | _aANTI-SOCIAL BEHAVIOUR | ||
| 650 | _aHOUSING MANAGEMENT | ||
| 650 | _aHOUSING BENEFIT | ||
| 690 | _aHOUSING | ||
| 700 |
_aMarsh, Alex _xeditor |
||
| 942 | _n0 | ||
| 999 |
_c101474 _d101474 |
||